| 000 | 00802nam a2200265Ia 4500 | ||
|---|---|---|---|
| 003 | OSt | ||
| 005 | 20220928112711.0 | ||
| 006 | a|||||r|||| 00| 0 | ||
| 007 | ta | ||
| 008 | 220927b |||||||| |||| 00| 0 san d | ||
| 020 | _cINR 750.00 | ||
| 024 | _a135302 | ||
| 037 |
_b357, 03/03/2017, Vidyanidhi Prakashan _cTextual |
||
| 040 |
_aSDCL _cSDCL _bsan |
||
| 041 |
_2san _asan |
||
| 082 | _aO15,1, Q6 | ||
| 100 |
_aDindoriya Ved Prakash _9415027 |
||
| 245 | 0 | _aVakroktijivitam | |
| 260 |
_aDelhi _bShivalik Prakashan _c2016 |
||
| 300 |
_av,254p. _ccm. |
||
| 650 |
_aSanskrit _9391587 |
||
| 700 |
_a Bheemili Omnath Ed. _9429326 |
||
| 942 |
_hO15,1, Q6 _cTEXL _2CC |
||
| 999 |
_c745850 _d745850 |
||